|
|
|
|
| LEADER |
02080cam a2200589 i 4500 |
| 001 |
nkc20183000047 |
| 003 |
CZ PrNK |
| 005 |
20190201101337.0 |
| 007 |
ta |
| 008 |
180420s2018 xr a b 001 0 cze d |
| 015 |
|
|
|a cnb003000047
|
| 020 |
|
|
|a 978-80-256-2321-3
|q (vázáno)
|
| 035 |
|
|
|a (OCoLC)1043900456
|
| 040 |
|
|
|a KLG001
|b cze
|d BOA001
|e rda
|
| 041 |
1 |
|
|a cze
|h eng
|
| 072 |
|
7 |
|a 336.7
|x Finance
|2 Konspekt
|9 4
|
| 072 |
|
7 |
|a 0/9-053.2
|x Literatura pro děti a mládež (naučná)
|2 Konspekt
|9 26
|
| 080 |
|
|
|a 336.74
|2 MRF
|
| 080 |
|
|
|a 336.7
|2 MRF
|
| 080 |
|
|
|a 37.03:336
|2 MRF
|
| 080 |
|
|
|a (0.053.2)
|2 MRF
|
| 100 |
1 |
|
|a Bailey, Gerry
|7 mzk2013776945
|4 aut
|
| 240 |
1 |
0 |
|a Your money.
|l Česky
|
| 245 |
1 |
0 |
|a Tvoje peníze :
|b jak zacházet s penězi (a proč) /
|c napsali Gerry Bailey a Felicia Law ; ilustroval Mark Beech
|
| 246 |
3 |
0 |
|a Jak zacházet s penězi (a proč)
|
| 250 |
|
|
|a První české vydání
|
| 264 |
|
1 |
|a Praha :
|b Svojtka & Co.,
|c 2018
|
| 300 |
|
|
|a 64 stran :
|b barevné ilustrace ;
|c 25 cm
|
| 336 |
|
|
|a text
|b txt
|2 rdacontent
|
| 336 |
|
|
|a statický obraz
|b sti
|2 rdacontent
|
| 337 |
|
|
|a bez média
|b n
|2 rdamedia
|
| 338 |
|
|
|a svazek
|b nc
|2 rdacarrier
|
| 500 |
|
|
|a Z angličtiny přeložila Kateřina Čermáková
|
| 500 |
|
|
|a Terminologický slovník
|
| 500 |
|
|
|a Obsahuje rejstřík
|
| 650 |
0 |
7 |
|a peníze
|7 ph115711
|2 czenas
|
| 650 |
0 |
7 |
|a osobní finance
|7 ph115617
|2 czenas
|
| 650 |
0 |
7 |
|a finanční gramotnost
|7 ph617599
|2 czenas
|
| 650 |
0 |
9 |
|a money
|2 eczenas
|
| 650 |
0 |
9 |
|a personal finance
|2 eczenas
|
| 650 |
0 |
9 |
|a financial literacy
|2 eczenas
|
| 655 |
|
7 |
|a publikace pro děti
|7 fd133156
|2 czenas
|
| 655 |
|
9 |
|a children's literature
|2 eczenas
|
| 700 |
1 |
|
|a Law, Felicia
|7 mzk2013776952
|4 aut
|
| 700 |
1 |
|
|a Beech, Mark,
|d 1971-
|7 xx0196599
|4 ill
|
| 700 |
1 |
|
|a Čermáková, Kateřina
|7 ola20181011715
|4 trl
|
| 910 |
2 |
|
|a BOA001
|b 2-1409.953
|
| 920 |
|
|
|a 1180284
|z KLG001
|
| 990 |
|
|
|a BK
|
| 995 |
|
|
|a 01
|
| 991 |
|
|
|b 201806
|c NOV
|
| 996 |
6 |
|
|b 2610746088
|c 2-1409.953
|l MZK
|r Sklad / do 1 hodiny
|n 3
|p p.v.
|w 001669126
|u 000010
|a 1
|e BOA001
|j MZK50
|s P
|